Электропитание предприятий радиосвязи: учебник

Bibliografiske detaljer
Hovedforfatter: Терентьев Б. П. Борис Петрович
Andre forfattere: Китаев В. Е. Валентин Евгеньевич
Summary:Исключено из фонда НТБ ТПУ
Sprog:russisk
Udgivet: Москва, Связь, 1966
Format: MixedMaterials Bog
KOHA link:https://koha.lib.tpu.ru/cgi-bin/koha/opac-detail.pl?biblionumber=332120

MARC

LEADER 00000nam0a2200000 4500
001 332120
005 20231101030122.0
035 |a (RuTPU)RU\TPU\book\358022 
090 |a 332120 
100 |a 20170517d1966 m y0rusy50 ca 
101 0 |a rus 
102 |a RU 
105 |a a j 000zy 
200 1 |a Электропитание предприятий радиосвязи  |e учебник  |f Б. П. Терентьев, В. Е. Китаев 
210 |a Москва  |c Связь  |d 1966 
215 |a 296 с.  |c ил. 
333 |a Исключено из фонда НТБ ТПУ 
675 |a 621.396.6:621.311.6(075.32)  |v 4 
700 1 |a Терентьев  |b Б. П.  |g Борис Петрович 
701 1 |a Китаев  |b В. Е.  |g Валентин Евгеньевич 
801 1 |a RU  |b 63413507  |c 20170517 
801 2 |a RU  |b 63413507  |c 20220701  |g RCR 
942 |c BK